Sports Quiz

Random Sports Quiz
Score 0/59 Timer 10:00
0 Plays Today
Year Winner % Correct
2017Alejandro Valverde
98.3%
2016Alberto Contador
95.6%
2008Alberto Contador
94.8%
2009Alberto Contador
94.8%
2014Alberto Contador
94.8%
2013Nairo Quintana
94.1%
1984Seán Kelly
93.5%
1986Seán Kelly
93.5%
1987Seán Kelly
93.5%
2018Primož Roglič
93.1%
1992Tony Rominger
92.8%
1993Tony Rominger
92.8%
1994Tony Rominger
92.8%
2015Joaquim Rodríguez
92.2%
1995Alex Zülle
90.8%
1997Alex Zülle
90.8%
1989Stephen Roche
87.6%
2000Andreas Klöden
86.3%
2011Andreas Klöden
86.3%
2019Ion Izagirre
85.2%
2001Raimondas Rumšas
85%
2004Denis Menchov
84.3%
2012Samuel Sánchez
83.7%
1999Laurent Jalabert
79.7%
2010Chris Horner
73.2%
2003Iban Mayo
62.7%
1971Luis Ocaña
62.1%
1973Luis Ocaña
62.1%
1972José Antonio González
58.8%
1975José Antonio González
58.8%
Year Winner % Correct
1977José Antonio González
58.8%
1978José Antonio González
58.8%
1991Claudio Chiappucci
54.9%
2005Danilo Di Luca
54.2%
1988Erik Breukink
53.6%
1926Nicolas Frantz
48.4%
1996Francesco Casagrande
43.8%
1969Jacques Anquetil
41.2%
2007Juan José Cobo
38.6%
2006José Ángel Gómez
37.3%
2002Aitor Osa
35.9%
1935Gino Bartali
34%
1924Francis Pélissier
32.7%
1979Giovanni Battaglin
32%
1928Maurice De Waele
27.5%
1929Maurice De Waele
27.5%
1980Alberto Fernández
26.8%
1930Mariano Cañardo
24.8%
1976Gianbattista Baronchelli
24.8%
1974Miguel María Lasa
24.2%
1998Íñigo Cuesta
21.6%
1983Julián Gorospe
20.9%
1990Julián Gorospe
20.9%
1981Silvano Contini
17%
1982José Luis Laguia
15%
1985Pello Ruiz Cabestany
10.5%
1927Victor Fontan
7.2%
1925Auguste Verduyk
2%
1970Luis Pedro Santamarina
2%
Come Together.
Have Fun.
All Virtual.
We all need to come together. Play Sporcle's virtual live trivia to have fun, connect with people, and get your trivia on. Join a live hosted trivia game for your favorite pub trivia experience done virtually. If a virtual private party is more your thing, go here for details.

You're not logged in!

Compare scores with friends on all Sporcle quizzes.
OR
Log In

Sporcle TV

Today on Sporcle TV


Watch our educational content, quiz creation guides, and fun videos on Sporcle TV.

Show Comments

Extras

Top Quizzes Today


Score Distribution

Paid Content

Your Account Isn't Verified!

In order to create a playlist on Sporcle, you need to verify the email address you used during registration. Go to your Sporcle Settings to finish the process.

Report this User

Report this user for behavior that violates our Community Guidelines.

Details: